000 01456nab a2200217 i 4500
001 768714001
003 CO-MdFUSB
005 20240612102753.0
008 240612t1959 sp ||||| |||| 00| 0 spa d
040 _bspa
_cCO-MdFUSB
_dCO-MdFUSB
041 _aspa
100 _aGarcía Alonso, Ireneo,
_d1923-2012
_eautor
245 _aEdición tridentina del manual toledano y su incorporación al ritual romano
_c/ Ireneo García Alonso
520 _aSe estudia en este artículo Ia edición postrídentina, en Ia que se refunde por completo el contenido y Ia estructura del Manual, acomodándole a las normas del Concilio. El estudio de Ia presente edición nos demostrará que el Manual ToIedano es una de las más auténticas glorias de Ia Diócesis Primada, porque toledano es el fondo de su contenido y toledanos fueron los que llevaron a cabo Ia reforma del Manual adaptándole a los cánones tridentinos con un acierto indiscutible. Por fortuna se han conservado datos abundantes para conocer las circunstancias en que se realizó esta edición y quiénes tuvieron parte principal en ella.
650 7 _aTeología doctrinal
_9179
650 2 _aSacramentos (Liturgia)
_91174
650 7 _aRitos y ceremonias
_9207
773 0 _070126
_982748
_dSalamanca, España :
_oR2623
_tSalmanticensis
_w(CO-MdFUSB)768714001
_gVolumen 6, (fascículo 2, 1959) páginas: 323 - 399
_qpágina: 323
942 _cANA
945 _aCatherine Arias Álvarez - Practicante SENA
999 _c70151
_d70151